000 02244nam a22003017a 4500
999 _c60324
_d60324
003 Ge_BSU
005 20230629110234.0
008 230629s2015 ge ||||| |||| 00| 0 geo d
020 _a9789941445910
041 _ageo
080 _a27-86(479.2) ა-48
100 _aალექსიძე, ზაზა
_919058
245 _aთეოლოგიური პოლემიკა კავკასიაში :
_bVI საუკუნე = Theological controversies in the Caucasus : 6th Century /
_c ზაზა ალექსიძე ; სარედაქციო ჯგუფი: დალი ჩიტუნაშვილი (რედაქტორი) [და სხვ.] ; გელათის მეცნიერებათა აკადემია.
264 _aთბილისი :
_bარტანუჯი,
_c 2015.
300 _a318 გვ. ;
_b20 სმ.
500 _aდამატებითი სატიტულო გვერდი ინგლ. ენაზე.
501 _aსომხური ტექსტები ქართული თარგმანებით. საძიებლები: გვ. 291-312.
504 _aბიბლიოგრ.: გვ. 286-290 და ტექსტის შენიშვნებში.
653 _aსაეკლესიო განხეთქილება ამიერკავკასიაში
653 _aქართული მართლმადიდებლური ეკლესიის ისტორია
653 _aსომხური ეკლესიის ისტორია. საეკლესიო კრებები
700 _aჩიტუნაშვილი, დალი
_eრედაქტორი
_95130
700 _aალექსიძე, ნიკოლოზ
_eრედაქტორი
_916631
700 _aგაფრინდაშვილი, ხათუნა
_eრედაქტორი
_910268
700 _aხოსიტაშვილი, ირმა
_eრედაქტორი
_919059
710 _aგელათის მეცნიერებათა აკადემია.
_919060
942 _2udc
_cBK